00568 2200205 4500001002100000005001700021008004100038035002500079082001100104090001800115100002200133245005700155250001100212260003300223300002700256500003100283650002100314850001200335990001500347YOGYA-0209000001233220150428133733.0 ind  a0010-020900000012332 a297.66 a297.66bNoo L aNoor-Mat Dawam, M aLintasan sejarah kebudayaan IslamcM. Noor-Mat Dawam aCet. 1 aYogyakartabBina Usahac1987 avi, 127 hlm. ;c21 cm. aBibliografi : hlm. 121-122 aKebudayaan Islam aYOPDYOG a89589-P/97